000 01348nam0a22002891 4500
001 rc\3415190
005 20130115140707.7
021 _aRU
_b88-ВП-2898/13,14
035 _a(NLR Aleph) 007554083
090 _a5232737
_c5232737
100 _a20130115d1973 |||y0rusy50 ca
101 0 _arus
102 _aRU
105 _ay z |||||
200 1 _aРАСЧЕТ оптимальной нормы обслуживания чесальных машин
_f[К. т. н. К.М. Пирогов, инж. Н.В. Вавилова]
210 _aМосква
_cЦНИИТЭИлегпром
_d1973
215 _a30 с.
_cграф.
_d20
225 1 _aЭкспресс-информация
_fМ-во лег. пром-сти СССР. ЦНИИ информ. и техн.-экон. исслед. лег. пром-сти
_hСерия А
_iТекстильная промышленность
320 _aБиблиогр.: с. 30
701 1 _aВавилова
_bН. В.
701 1 _aПирогов
_bК. М.
_gКонстантин Михайлович
712 0 2 _aЦентральный институт научно-технической информации легкой промышленности
_cМосква
_3RU\NLR\AUTH\8810025847
801 0 _aRU
_bNLR
_gpsbo
801 1 _aRU
_bELAR
_2rusmarc
852 _aNLR
_j88-6/3869
942 _cBOOK
980 _aNB